000 00595nam a2200169 4500
001 3538
005 20181127171427.0
010 0 0 _a
020 0 0 _a8186953256
090 0 0 _a297.9335 B1511d 2011.
245 0 0 _aThe dawning place of the remembrance of God.
_b
_c
_h
260 0 0 _aNew Delhi :
_bThe National Spiritual Assembly of the Baha'is of India,
_c2011.
300 0 0 _a88 p. : col. ill. ; 24 cm.
500 0 0 _a"Baha'i House of Worship of the Indian sub-continent, New Delhi."
610 _aBahá’í Temple (New Delhi, India).
_b
_c
_d
_e
_f
_g
_k
_l
_m
_n
_o
_p
_r
_s
_t
_v
_x
_y
_z
_2
650 0 0 _aBahai temples.
_x
999 _c2875
_d2875